000 00681nam a2200253Ia 4500
003 OSt
005 20221006143941.0
006 a|||||r|||| 00| 0
007 ta
008 221006b |||||||| |||| 00| 0 eng d
020 _c
_27.45
024 _a10,471
037 _cTextual
040 _aEASL
_cEASL
_beng
041 _2eng
_aeng
082 _aW:19(zS).73.N8, M2
100 _aNINCIC Miroslav
245 0 _aArms race
_b The political economy of military growth
260 _aPraeger
_bPraeger Publishers
_c1982
300 _a209p.
_ccm.
490 _v Oth
942 _hW:19(zS).73.N8, M2
_cTEXL
_2CC
999 _c1078557
_d1078557